<?xml version="1.0" encoding="UTF-8"?>
<record
    xmlns:xsi="http://www.w3.org/2001/XMLSchema-instance"
    xsi:schemaLocation="http://www.loc.gov/MARC21/slim http://www.loc.gov/standards/marcxml/schema/MARC21slim.xsd"
    xmlns="http://www.loc.gov/MARC21/slim">

  <leader>00991aab a2200205 i 4500</leader>
  <controlfield tag="001">768714001</controlfield>
  <controlfield tag="003">CO-MdFUSB</controlfield>
  <controlfield tag="005">20240423145118.0</controlfield>
  <controlfield tag="008">240423t2000    ag ||||| |||| 00| 0 spa d</controlfield>
  <datafield tag="040" ind1=" " ind2=" ">
    <subfield code="b">spa</subfield>
    <subfield code="c">CO-MdFUSB</subfield>
  </datafield>
  <datafield tag="041" ind1=" " ind2=" ">
    <subfield code="a">spa</subfield>
  </datafield>
  <datafield tag="100" ind1="1" ind2=" ">
    <subfield code="a">Galli, Jorge</subfield>
    <subfield code="e">autor</subfield>
  </datafield>
  <datafield tag="245" ind1=" " ind2=" ">
    <subfield code="a">Mi hija adolescente est&#xE1; embarazada y &#xBF;Ahora qu&#xE9;?</subfield>
    <subfield code="c">/ Jorge Galli</subfield>
  </datafield>
  <datafield tag="300" ind1=" " ind2=" ">
    <subfield code="a">Volumen19, n&#xFA;mero 3 (julio - septiembre, 2000), p&#xE1;ginas: 18 - 20</subfield>
    <subfield code="c">; 27 cm</subfield>
  </datafield>
  <datafield tag="520" ind1=" " ind2=" ">
    <subfield code="a">La noticia de una adolescente soltera embarazada puede provocar diversas reacciones.  Pero nadie puede negar que la alarmante tendencia actual al aumento de los embarazos adolescentes en todo el mundo es un problema que requiere una respuesta responsable por parte de padres, profesores y la iglesia.</subfield>
  </datafield>
  <datafield tag="650" ind1=" " ind2="0">
    <subfield code="a">Familias</subfield>
    <subfield code="9">292</subfield>
  </datafield>
  <datafield tag="650" ind1=" " ind2="0">
    <subfield code="a">Iglesia y problemas sociales</subfield>
    <subfield code="9">1177</subfield>
  </datafield>
  <datafield tag="773" ind1="0" ind2=" ">
    <subfield code="t">Iglesia y Misi&#xF3;n</subfield>
    <subfield code="0">49402</subfield>
    <subfield code="9">59628</subfield>
    <subfield code="g">Volumen19, n&#xFA;mero 3 (julio - septiembre, 2000), p&#xE1;ginas: 18 - 20</subfield>
    <subfield code="q">p&#xE1;gina: 18</subfield>
  </datafield>
  <datafield tag="942" ind1=" " ind2=" ">
    <subfield code="c">ANA</subfield>
  </datafield>
  <datafield tag="999" ind1=" " ind2=" ">
    <subfield code="c">52451</subfield>
    <subfield code="d">52451</subfield>
  </datafield>
</record>
